[Event "EU-ch 25th"]
[Site "Eforie Nord"]
[Date "2025.03.25"]
[Round "10"]
[White "Portariuc, Gheorghe"]
[Black "Dragomir, Sorin"]
[Result "0-1"]
[WhiteElo "1530"]
[BlackElo "1784"]
[PlyCount "34"]
[EventDate "2025.03.15"]
[EventType "swiss"]
[EventRounds "11"]
[EventCountry "ROU"]
[SourceTitle "CB13_2025"]
[SourceDate "2025.03.26"]
[SourceVersion "1"]
[SourceVersionDate "2025.03.26"]
[SourceQuality "1"]

1. e4 d5 2. exd5 Nf6 3. c4 e6 4. dxe6 Bxe6 5. b3 Qd4 6. Nc3 Ne4 7. Qf3 Bc5 8. Nxe4 Qxa1 9. Nxc5 Qxc1+ 10. Ke2 0-0 11. Nxe6 fxe6 12. Qxb7 Nd7 13. Qxc7 Rad8 14. Qxa7 Ne5 15. Qe3 Rd3 16. Qxd3 Nxd3 17. Kxd3 Qxf1+ 0-1

[Event "EU-ch 25th"]
[Site "Eforie Nord"]
[Date "2025.03.15"]
[Round "1"]
[White "Tudor, Henry Edward"]
[Black "Dragomir, Sorin"]
[Result "1-0"]
[WhiteElo "2384"]
[BlackElo "1784"]
[PlyCount "67"]
[EventDate "2025.03.15"]
[EventType "swiss"]
[EventRounds "11"]
[EventCountry "ROU"]
[SourceTitle "CB13_2025"]
[SourceDate "2025.03.26"]
[SourceVersion "1"]
[SourceVersionDate "2025.03.26"]
[SourceQuality "1"]

1. d4 Nf6 2. c4 e6 3. Nc3 Bb4 4. e3 0-0 5. Bd2 d5 6. Nf3 Re8 7. Bd3 c5 8. a3 cxd4 9. axb4 dxc3 10. Bxc3 dxc4 11. Bxc4 Qxd1+ 12. Rxd1 Nbd7 13. Ne5 Nxe5 14. Bxe5 a6 15. b5 Nd7 16. Bc7 Nf6 17. Be5 Nd7 18. Bc3 Nb6 19. Be2 Nd5 20. Be5 f6 21. Bd6 Bd7 22. e4 Ne7 23. b6 Bc6 24. f3 Rad8 25. Kf2 Bb5 26. Bxb5 axb5 27. Bc7 Rxd1 28. Rxd1 Kf7 29. Rd7 e5 30. f4 Ke6 31. Rd6+ Kf7 32. fxe5 fxe5 33. Ke3 Nc6 34. Rxc6 1-0